000 00641nam a2200277Ia 4500
005 20260324123305.0
008 008 260324s9999 xx 000 0 eng d
020 _a9781315257907
037 _aEBOOK
040 _aCRL
040 _beng
040 _cCRL
041 _2eng
041 _aeng
084 _qCRL
100 _aRobert L. Patten
_91169748
245 0 _aDickens and Victorian Print Cultures
260 _bTaylor and Francis
260 _c2012
365 _a
365 _b570
856 _uhttp://www.taylorfrancis.com/books/9781315257907
942 _cEBOOK
999 _c1763144
_d1763144